000 00826nam a22002895i 4500
999 _c1958
_d1958
001 18409483
003 OSt
005 20230220164546.0
008 141217s2015 mnu 000 0 eng
010 _a 2014959726
020 _a9781634070409 (alk. paper)
040 _aDLC
_beng
_erda
_cDLC
_dKH8
042 _apcc
082 _a951 QAI
100 1 _aQaiser, Annie.
_eauthor
245 1 0 _aChina /
_cAnnie Qaiser.
263 _a1508
264 1 _aMankato, MN :
_bChilds World,
_c2015.
300 _a32 pages :
_bcolor illustrations, color maps ;
_c 25 cm.
336 _atext
_btxt
_2rdacontent
337 _aunmediated
_bn
_2rdamedia
338 _avolume
_bnc
_2rdacarrier
490 0 _aOne world, many countries
906 _a0
_bibc
_corignew
_d2
_eepcn
_f20
_gy-gencatlg
942 _2ddc
_cNFIC